000 00502nam a22001817a 4500
003 OSt
005 20140506154424.0
008 140505b xxu||||| |||| 00| 0 eng d
020 _a9789810184285
050 _aQ 163
_b.G994s6a 2009
100 _aGwan, Wai Lan Teo
245 _aScience 6A :
_cWai Lan Teo-Gwan
_bActivity book /
260 _aSingapore :
_bFederal Publications,
_c2009.
300 _a56 p. :
_bcol. ill. ;
_c27 cm.
440 _aMy Pals is here
942 _2lcc
_cBK
999 _c115816
_d115816